00695 2200217 4500001002100000005001700021008004100038035002400079082001400103090002400117100002000141245008300161260010700244300001800351650003200369700002900401850001200430980001500442985000600457999001400463YOGYA-0209000005942220090227034634.0 ind  0010-020900000059422 a899.21123 a899.21133bPan SlT aPANURAT, Si Ali aSi Malin DemancOleh si aji panurat,diterjemahkan oleh aisyah ibrahim batubara aJakartabDepartemen pendidikan dan Kebudayaan Proyek Penerbitan Buku Sastra Indonesia dan Daerahc1986 a79 hlmc21 cm aKesusastraan Batak - Ceruta aBatubara, Aisyah Ibrahim aYOPDYOG a31-07-2008 a1 aA00002760